000 00513nam a22001817a 4500
005 20221205150108.0
008 160122b xxu||||| |||| 00| 0 eng d
040 _aLoreto College
082 _a821.91
_bHUM
100 _aHumphreys, Christmas
_qChristmas Humphreys
245 _aBuddhist poems
_bA selection, 1920-1970
_cChristmas Humphreys
260 _aLondon
_bBuddhist Society
_c1971
300 _a59p.
650 _aEnglish poetry
650 _aBuddhist poetry in English
850 _aLCLIB
942 _cBK
999 _c40479
_d90958